| 000 | nam a22 4500 | ||
|---|---|---|---|
| 999 |
_c8917 _d8917 |
||
| 008 | 180317b ||||| |||| 00| 0 eng d | ||
| 245 | _aYoung Asian entrepreneurs profit-driven philanthropists- HSBC study. | ||
| 260 |
_aPhilippines _bThe Philippine Star _cc2016 |
||
| 300 | _apage B-5. | ||
| 650 | 0 |
_926926 _aEntrepreneurship. |
|
| 942 |
_2ddc _cPER |
||